000 00358nam a2200109Ia 4500
008 171204s9999 xx 000 0 und d
245 _aWhat We Talk About When We Talk About Clone Club: Bioethics and Philosophy in Orphan Black:
245 _cGregory E. Pence
260 _c2016
650 _xBioethics
856 _uhttp://down.ebook777.com/029/1942952341.pdf
999 _c346362
_d346362